000 01213nac a22003857a 4500
001 BR9703020
003 BR-BrBNA
005 20240105121924.0
008 230509b bl.|||m| |||| 00| 0 por d
040 _aBR-BrBNA
_bpor
_cBiblioteca Nacional de Agricultura
072 _aH10
090 _a0940 BR9703020
100 1 _aHickel, E.R.
110 1 _aEmpresa de Pesquisa Agropecuaria e de Extensao Rural de Santa Catarina S.A., Florianopolis (Brasil)
245 1 _aPragas da videira e seu controle no estado de Santa Catarina
260 3 _aFlorianopolis, SC (Brasil):
_c1996.
300 _a52 p.
490 _aBoletim Tecnico - Empresa de Pesquisa Agropecuaria e Extensao Rural de Santa Catarina S.A. (Brazil)
_vno. 77
_xISSN 0100-7416
500 _a49 ref.; 29 illus.
650 _aUva
650 _aPerola da Terra
650 _aCochonilha Parda
650 _aBesouro
650 _aMandarova
650 _aMosca das Frutas
650 _aAcaro Rajado
650 _aAcaro Vermelho
650 _aFormiga
650 _aVespa
650 _aAbelha
650 _aControle Integrado
650 _aSanta Catarina
909 _a202312
_bLúcia Elande
_c55
_dLúcia Elande
942 _2AGRIS
_n0
_cMS
999 _c288240
_d288240